| 000 | 00357nam a2200145 a 4500 | ||
|---|---|---|---|
| 001 | 3200 | ||
| 003 | CDMR | ||
| 005 | 20130116135240.0 | ||
| 008 | 130130s1973||||||||||||||||||||||||||||d | ||
| 040 |
_aCDMR _bcat _cCDMR |
||
| 100 | 1 |
_aGuradia Moreno, Carlos _92322 |
|
| 245 | 1 | 0 |
_aPrensa marginal USA _cCarlos Guradia Moreno |
| 260 |
_aBarcelona _c1973 |
||
| 942 | _cTSN | ||
| 999 |
_c3200 _d3200 |
||